快乐来自八正道 (Record no. 28989)

000 -LEADER
fixed length control field 00495nam a22001937a 4500
003 - CONTROL NUMBER IDENTIFIER
control field MPLRDC
005 - DATE AND TIME OF LATEST TRANSACTION
control field 20220104125636.0
008 - FIXED-LENGTH DATA ELEMENTS--GENERAL INFORMATION
fixed length control field 210129b ||||| |||| 00| 0 eng d
020 ## - INTERNATIONAL STANDARD BOOK NUMBER
International Standard Book Number 978-986-82612-6-6
082 ## - DEWEY DECIMAL CLASSIFICATION NUMBER
Classification number 225.7 DBSF
100 ## - MAIN ENTRY--PERSONAL NAME
Personal name 德宝法师
245 ## - TITLE STATEMENT
Title 快乐来自八正道
Statement of responsibility, etc. 赖隆彦 译
250 ## - EDITION STATEMENT
Edition statement 初版一刷
260 ## - PUBLICATION, DISTRIBUTION, ETC.
Place of publication, distribution, etc. 台湾
Name of publisher, distributor, etc. 橡实文化
Date of publication, distribution, etc. 2007
300 ## - PHYSICAL DESCRIPTION
Other physical details 311
490 ## - SERIES STATEMENT
Series statement 观自在系列: BA1002
650 ## - SUBJECT ADDED ENTRY--TOPICAL TERM
Topical term or geographic name entry element 佛教: 修持
942 ## - ADDED ENTRY ELEMENTS (KOHA)
Koha item type Book
-- 225.7 DBSF
Holdings
Withdrawn status Lost status Source of classification or shelving scheme Damaged status Not for loan Collection code Home library Current library Shelving location Date acquired Cost, normal purchase price Total Checkouts Full call number Barcode Date last seen Date last checked out Price effective from Koha item type Public note
            Malaysian Public Library, Research and Development Centre Malaysian Public Library, Research and Development Centre   10/12/2007 45.70   225.7 DBSF 00029063 17/03/2021 26/05/2018 17/03/2021 Book mplrdc

© 2022. Malaysian Public Library, Research and Development Centre. All Right ReservedE-mailmplrdc@help.edu.my 

Powered by Koha